000 00570nam a2200229Ia 4500
005 20260320201129.0
008 008 262003s9999 xx 000 0 eng d
037 _aEBOOK
040 _aCRL
040 _beng
040 _cCRL
041 _2eng
041 _aeng
084 _qCRL
245 0 _aReinforcement Learning and Approximate Dynamic Programming for Feedback Control
260 _bIEEE
260 _c2013
856 _uhttps://ieeexplore.ieee.org/servlet/opac?bknumber=6462203
942 _cEBOOK
999 _c1719083
_d1719083